दंगे में मुर्गा : (Record no. 111873)
[ view plain ]
| 000 -LEADER | |
|---|---|
| fixed length control field | 01077nam a22002537a 4500 |
| 003 - CONTROL NUMBER IDENTIFIER | |
| control field | dpl |
| 005 - DATE AND TIME OF LATEST TRANSACTION | |
| control field | 20180809104528.0 |
| 008 - FIXED-LENGTH DATA ELEMENTS--GENERAL INFORMATION | |
| fixed length control field | 180809b xxu||||| |||| 00| 0 eng d |
| 010 ## - LIBRARY OF CONGRESS CONTROL NUMBER | |
| LC control number | B-196731 |
| 020 ## - INTERNATIONAL STANDARD BOOK NUMBER | |
| Terms of availability | 100.00 |
| International Standard Book Number | 8170164087 |
| 035 ## - SYSTEM CONTROL NUMBER | |
| System control number | B-196731, B-196735 |
| 037 ## - SOURCE OF ACQUISITION | |
| Source of stock number/acquisition | Cen Lib/Ret |
| 040 ## - CATALOGING SOURCE | |
| Original cataloging agency | DPL |
| Language of cataloging | HN |
| Transcribing agency | 0 |
| 082 ## - DEWEY DECIMAL CLASSIFICATION NUMBER | |
| Classification number | 827 |
| Item number | चतुर्वेदी |
| 100 ## - MAIN ENTRY--PERSONAL NAME | |
| Personal name | चतुर्वेदी, ज्ञान |
| 9 (RLIN) | 42803 |
| 245 ## - TITLE STATEMENT | |
| Title | दंगे में मुर्गा : |
| Statement of responsibility, etc | ज्ञान चतुर्वेदी |
| Remainder of title | व्यंग्य-संग्रह / |
| 246 ## - VARYING FORM OF TITLE | |
| Title proper/short title | Dange me murga : veyang-sangreh / |
| Remainder of title | by Gyan Chaturvedi |
| 260 ## - PUBLICATION, DISTRIBUTION, ETC. (IMPRINT) | |
| Place of publication, distribution, etc | नई दिल्ली |
| Name of publisher, distributor, etc | किताब घर |
| Date of publication, distribution, etc | 2006 |
| 270 ## - ADDRESS | |
| Address | 24/4855, अंसारी रोड, दरयागंज |
| City | नई दिल्ली |
| Postal code | 110002 |
| 300 ## - PHYSICAL DESCRIPTION | |
| Extent | 140पृ. |
| Dimensions | 21सेमी (सजिल्द) |
| 650 ## - SUBJECT ADDED ENTRY--TOPICAL TERM | |
| Topical term or geographic name as entry element | व्यंग्य-संग्रह |
| 9 (RLIN) | 239 |
| 650 ## - SUBJECT ADDED ENTRY--TOPICAL TERM | |
| Topical term or geographic name as entry element | Squid-Collection |
| 9 (RLIN) | 44858 |
| 942 ## - ADDED ENTRY ELEMENTS (KOHA) | |
| Source of classification or shelving scheme | Dewey Decimal Classification |
| Koha item type | Hindi Books |
| Classification part | 827 |
| Call number suffix | चतुर्वेदी |
| Withdrawn status | Lost status | Damaged status | Not for loan | Home library | Current library | Date acquired | Source of acquisition | Cost, normal purchase price | Total Checkouts | Total Renewals | Full call number | Barcode | Date last seen | Date checked out | Copy number | Cost, replacement price | Price effective from | Koha item type | Source of classification or shelving scheme | Collection code | Shelving location |
|---|---|---|---|---|---|---|---|---|---|---|---|---|---|---|---|---|---|---|---|---|---|
| Central Library | Central Library | 05/08/2015 | Cen Lib/Ret | 100.00 | 3 | 1 | 827 चतुर्वेदी | B-196731 | 31/07/2021 | 05/07/2021 | 1 | 100.00 | 15/09/2016 | Hindi Books | |||||||
| Patel Nagar | Patel Nagar | 09/08/2018 | BPPD/PUB | 120.00 | 827 चतुर्वेदी | B-196735 | 09/08/2018 | 120.00 | 09/08/2018 | Hindi Books | Dewey Decimal Classification | ||||||||||
| Ordered | Sarojini Nagar | Sarojini Nagar | 21/02/2017 | DPL | 120.00 | 827 चतुर्वेदी | B-196741 | 21/02/2017 | 1 | 120.00 | 21/02/2017 | Hindi Books | Dewey Decimal Classification | Non-fiction | On Display | ||||||
| Yojana Vihar | Yojana Vihar | 27/07/2019 | BPPD/PUB | 120.00 | 1 | 827 चतुर्वेदी | B-196755 | 26/06/2025 | 14/06/2025 | 120.00 | 27/07/2019 | Hindi Books | Dewey Decimal Classification | Non-fiction |
